000 00899nam a22002297a 4500
005 2012090300500.0
008 120903t xxu||||| |||| 00| 0 eng d
010 _aENG-105765
020 _a9788179103555
_c395.00
035 _aEN-89298
037 _bDBAD/PUB
040 _aDPL
_bEng
082 _a339.460954
100 _951942
_aRamaswamy, T.
245 _aLeadership, poverty and social security /
_cby T. Ramaswamy
260 _aJaipur
_bAavishkar Publishers, Distributors
_c2012
270 _a807, Vyas Building, Chaura Rasta
_bJaipur(Rajasthan)
_e302003
_maavishkarbooks@hotmail.com
300 _axv,110p.
_c23cm(Hb)
500 _aIncludes bibliographical references and index
942 _2ddc
_cEN
_h339.460954
_mRAM
999 _c69635
_d69635